| 000 | 01590nam0a2200361 4500 | ||
|---|---|---|---|
| 001 | RU\NLR\bibl\1747246 | ||
| 005 | 20250616115118.0 | ||
| 010 |
_a978-5-4285-0001-1 _9300 |
||
| 021 |
_aRU _b2011-12066 _9859 |
||
| 035 | _a(nilc)RSL-KNO-004896291 | ||
| 035 | _a(NLR Aleph) 001738134 | ||
| 090 |
_a1442164 _c1442164 |
||
| 100 | _a20110228d2010 |||y0rusy50 ca | ||
| 101 | 0 | _arus | |
| 102 | _aRU | ||
| 105 | _aa ||||||||| | ||
| 200 | 1 |
_aМетодика преподавания специальных общетехнических дисциплин _eтеория и практика _eучебное пособие _fГ. В. Басаргина |
|
| 210 |
_aВоронеж _cВЦНТИ _d2010 |
||
| 215 |
_a160 с. _cил., табл. _d21 |
||
| 320 | _aБиблиогр. в конце занятий | ||
| 606 | 1 |
_aУчреждения начального профессионального образования _jУчебные издания _xПреподавание _92403684 _3RU\NLR\auth\661432646 |
|
| 606 | 1 |
_aУчреждения профессионального образования _jУчебные издания _xПреподаватели _xПодготовка _92553846 _3RU\NLR\auth\661511049 |
|
| 686 |
_aЧ426.81,6(2)я73-1 _2rubbk |
||
| 686 | _aЧ466.2я7 | ||
| 686 | _aЧ489.518.8я7 | ||
| 700 | 1 |
_aБасаргина _bГ. В. _gГалина Владимировна _4070 |
|
| 801 | 0 |
_aRU _bRuMoRKP _c20110228 _grcr |
|
| 801 | 1 |
_aRU _bRuMoRGB _c20110228 |
|
| 801 | 2 |
_aRU _bNLR _c20110316 _grcr |
|
| 942 | _cBOOK | ||
| 980 | _aNB | ||
| 980 | _aNBR | ||